5HLuxD.jpg

KING HENRY VIII SENIOR AND PRIMARY SCHOOL LIBRARY OPAC

Giving up the ghost/ (Record no. 1158)

000 -LEADER
fixed length control field 00779aam a2200253 4500
003 - CONTROL NUMBER IDENTIFIER
control field OSt
005 - DATE AND TIME OF LATEST TRANSACTION
control field 20220803093638.0
008 - FIXED-LENGTH DATA ELEMENTS--GENERAL INFORMATION
fixed length control field 130222s2013 nyu j 001 1 eng d
020 ## - INTERNATIONAL STANDARD BOOK NUMBER
International Standard Book Number 9781442466173
040 ## - CATALOGING SOURCE
Original cataloging agency CaOL
Transcribing agency KH8
082 ## - DEWEY DECIMAL CLASSIFICATION NUMBER
Classification number FIC RIV
100 1# - MAIN ENTRY--PERSONAL NAME
Personal name Rivers, Phoebe.
Relator term Author
245 10 - TITLE STATEMENT
Title Giving up the ghost/
Statement of responsibility, etc. Phoebe Rivers
250 ## - EDITION STATEMENT
Edition statement English : 1st ed
260 ## - PUBLICATION, DISTRIBUTION, ETC.
Date of publication, distribution, etc. New York :
Place of publication, distribution, etc. Simon Spotlight,
Name of publisher, distributor, etc. ©2013.
300 ## - PHYSICAL DESCRIPTION
Extent 143 pages ;
Dimensions 20 cm.
440 ## - SERIES STATEMENT/ADDED ENTRY--TITLE
Title Saranormal
Number of part/section of a work bk. 6
520 ## - SUMMARY, ETC.
Summary, etc. Sara is preoccupied dealing with a brand-new ability that's just surfaced: the power to read minds.
650 ## - SUBJECT ADDED ENTRY--TOPICAL TERM
Topical term or geographic name entry element Psychic ability -- Juvenile fiction.
650 ## - SUBJECT ADDED ENTRY--TOPICAL TERM
Topical term or geographic name entry element Ghost stories.
655 #0 - INDEX TERM--GENRE/FORM
Genre/form data or focus term Paranormal fiction.
830 #0 - SERIES ADDED ENTRY--UNIFORM TITLE
Uniform title Saranormal ;
Volume/sequential designation 6.
942 ## - ADDED ENTRY ELEMENTS (KOHA)
Source of classification or shelving scheme
Koha item type Books - Fiction
Holdings
Withdrawn status Lost status Source of classification or shelving scheme Damaged status Not for loan Collection code Permanent Location Current Location Shelving location Date acquired Full call number Barcode Date last seen Price effective from Koha item type
          Fiction KH8 Senior School Library KH8 Senior School Library Fiction 2022-08-03 FIC RIV 3KHSL000101902 2024-07-22 2022-08-03 Books - Fiction

Powered By KH8 IT Dept